000 00941nam a2200301 a 4500
005 20200104041528.0
008 140304b2000 ck ||||| |||| 00| 0 spa d
040 _aCO-BoIAVH
_cCO-BoIAVH
041 _aspa
044 _ack
090 _aLB
_b01973
110 _bFundación Pro Sierra Nevada de Santa Marta
_99006
245 _aBases técnicas para la formulación de una estrategia de conservación ecorregional
260 _aSanta Marta
_bFundación Pro-Sierra Nevada de Santa Marta
_c2000
300 _a57
650 _aDesarrollo sostenible
_9278
650 _aManglar
_93652
650 _aMedio ambiente
_992195
650 _aGeomorfología
_942008
650 _aGestión ambiental
_992206
650 _aLegislación
_942010
650 _aContaminación ambiental
_9351
662 _aColombia
_bAtlántico
662 _aColombia
_bBolívar
662 _aColombia
_bCórdoba
662 _aColombia
_bSucre
942 _cINFORME
_2z
999 _c2141
_d2141